| 000 | 00375nam a2200133Ia 4500 | ||
|---|---|---|---|
| 008 | 230312s9999||||xx |||||||||||||| ||und|| | ||
| 082 |
_a004.6 _bNET |
||
| 245 | 0 | _aNetworking Essentials | |
| 260 |
_bMicrosoft Press _aUSA _c1996 |
||
| 300 | _a836 | ||
| 546 | _aEng. | ||
| 650 |
_aComputer _vnetwork orientation, Network components,Network Administration and support |
||
| 942 | _cBK | ||
| 999 |
_c3512 _d3512 |
||